| 000 -LEADER |
| fixed length control field |
00534nam a2200169 4500 |
| 003 - CONTROL NUMBER IDENTIFIER |
| control field |
OSt |
| 005 - DATE AND TIME OF LATEST TRANSACTION |
| control field |
20200317121713.0 |
| 008 - FIXED-LENGTH DATA ELEMENTS--GENERAL INFORMATION |
| fixed length control field |
200317b ||||| |||| 00| 0 eng d |
| 020 ## - INTERNATIONAL STANDARD BOOK NUMBER |
| International Standard Book Number |
9789352080847 |
| 082 ## - DEWEY DECIMAL CLASSIFICATION NUMBER |
| Classification number |
338.927 |
| Item number |
MAL |
| 100 ## - MAIN ENTRY--PERSONAL NAME |
| Personal name |
Malti (Teaching assistant of zoology), |
| 245 ## - TITLE STATEMENT |
| Title |
Sustainable development : issues and challenges |
| Statement of responsibility, etc |
Dr. Malti. |
| 260 ## - PUBLICATION, DISTRIBUTION, ETC. (IMPRINT) |
| Place of publication, distribution, etc |
New Delhi |
| Name of publisher, distributor, etc |
Sarup Book Publishers (P) Ltd |
| Date of publication, distribution, etc |
c2017 |
| 300 ## - PHYSICAL DESCRIPTION |
| Extent |
x, 72 pages |
| Other physical details |
illustrations (black and white) |
| Dimensions |
23 cm |
| 650 ## - SUBJECT ADDED ENTRY--TOPICAL TERM |
| Source of heading or term |
Sustainable development |
| 942 ## - ADDED ENTRY ELEMENTS (KOHA) |
| Source of classification or shelving scheme |
|